Statistics for West Virginia General Knowledge

Click here to take the quiz!

General Stats

  • This quiz has been taken 38 times
  • The average score is 8 of 15

Answer Stats

HintAnswer% Correct
Capital city known for nature and foodCharleston
100%
Nickname: ________ StateMountain
93%
West Virginia is the largest producer of thisCoal
87%
Small town and location of WVUMorgantown
77%
Biggest city, "Tri-State Area" Huntington
73%
City on the Ohio-West Virginia borderWheeling
70%
Major ski resort in West VirginiaSnowshoe
53%
Small town on the Ohio RiverParkersburg
53%
National river in southern WV, known for a bridgeNew River Gorge
47%
Historical state park and small townHarpers Ferry
33%
American comedian, television host, born in WVSteve Harvey
33%
Rock landmark in Pendleton CountySeneca Rocks
30%
Major river in West VirginiaShenandoah
30%
State park in DavisCanaan Valley
23%
Art museum in CharlestonClay Center
13%

Score Distribution

Percentile by Number Answered

Percent of People with Each Score

Your Score History

You have not taken this quiz